Normal view
MARC view
- GRAHAM, HELGA
Entry Personal Name
001 - CONTROL NUMBER
- control field: 75934
003 - CONTROL NUMBER IDENTIFIER
- control field: NUST
005 - DATE AND TIME OF LATEST TRANSACTION
- control field: 20210628205533.0
008 - FIXED-LENGTH DATA ELEMENTS
- fixed length control field: 210628|| aca||aabn | a|a d
040 ## - CATALOGING SOURCE
- Original cataloging agency: NUST
- Transcribing agency: NUST
100 ## - HEADING--PERSONAL NAME
- Personal name: GRAHAM, HELGA
670 ## - SOURCE DATA FOUND
- Source citation: Work cat.: (NUST): GRAHAM, HELGA, ARABIAN TIME MACHINE SELF PRACTICAL OF AN OIL STATE, 1978
